Регионална библиотека "Любен Каравелов" - Русе

L'eloquence académique (Запис номер 332722)

MARC детайли
000 -Лидер
Контролно поле с фиксирана дължина 01753nam a2200349 c 4500
003 - Код на организацията, давaща контролен номер
Контролно поле BLK
005 - Дата и час на последна редакция
Контролно поле 20201020145245.0
008 - Елементи от данни с фиксирана дължина
fixed length control field 180408b bul|||||r ||||||| ||bul||
010 ## - Наследен системен номер
LC control number KNG00069114000
040 ## - Източник на каталожния запис
Идентификатор на билиотеката - собственик на записа BLK
041 ## - Код за език
Код за езика на текст/звукозапис или на отделно заглавие Френски
Код за езика КДБФ Френски
080 ## - УДК
Текстов определител УДК Академии
УДК код - определител по УДК 001.32
УДК определител (44)
УДК - код + определител 001.32(44)
110 ## - Редна дума - колетивен орган
9 (RLIN) 395081
Редна дума - наименование на организация или юридическо лице Academie Francaise
139 ## - Редно поле
Редна дума L'eloquence académique
Авторски знак Elk - E 45
245 10 - Сведения за заглавието
Заглавие L'eloquence académique
Подзаглавни данни Choix de discours prononcés en séances de l'Académie française, depuis sa fondation jusqu'à nos jours. Collection littéraire.
257 ## - Страна на издаване
Страна на създаване/издаване Франция
260 ## - Област на издателските данни
Място на издаване, разпространение и проч. Lille
Име на издателя, разпространителя и проч. Desclee de Brouwer
Година на издаване 1884
Издателство - префикс ISBN 2-220-
9 (RLIN) 211863
300 ## - Физическа характеристика
Страници 415 c
Размери/Мащаб 24 см
380 ## - Жанр
Жанр Общ отдел
490 ## - СЕРИИ (Колекции)
9 (RLIN) 435080
Име на серия Колекция Редки и ценни издания
500 ## - Общи забележки
Забележка Датирано: Н.В.Михов, Paris 1929.
650 #7 - Допълнително описание по предмет – тема
Основно описание – тема или топоним Академии
9 (RLIN) 146625
653 #0 - Ключова дума – ненормативна
Ключова дума Френска академия
9 (RLIN) 395082
852 ## - Местоположение
Форматна сигнатура Рф 884
Фондова буква Редки и ценни
856 4# - Електронен адрес и достъп
Електронен формат pdf - файл
856 4# - Електронен адрес и достъп
Електронен формат pdf - файл
999 ## - СИСТЕМНИ КОНТРОЛНИ НОМЕРА
Koha biblionumber 332722
Koha biblioitemnumber 332722
942 ## - АРТИКУЛИ
Вид на библиотечния материал Книги
Скрит в OPAC Не
Периодичен библиозапис Да
944 ## - СЪЗДАВАНЕ И РЕДАКЦИЯ на ЗАПИСА
Създаване/Редакция Създаване
Дата на регистрацията/редакция 02.11.2006
Служител, извършил регистрацията/редакцията Геновева_Генчева
944 ## - СЪЗДАВАНЕ И РЕДАКЦИЯ на ЗАПИСА
Създаване/Редакция Редакция
Дата на регистрацията/редакция 08.11.2006
999 ## - СИСТЕМНИ КОНТРОЛНИ НОМЕРА
Koha biblioitemnumber 332722
999 ## - СИСТЕМНИ КОНТРОЛНИ НОМЕРА
Koha biblioitemnumber 332722
999 ## - СИСТЕМНИ КОНТРОЛНИ НОМЕРА
Koha biblioitemnumber 332722
999 ## - СИСТЕМНИ КОНТРОЛНИ НОМЕРА
Koha biblioitemnumber 332722
999 ## - СИСТЕМНИ КОНТРОЛНИ НОМЕРА
Koha biblioitemnumber 332722
999 ## - СИСТЕМНИ КОНТРОЛНИ НОМЕРА
Koha biblioitemnumber 64843
Наличности
Код за отписване Код за изгубен артикул Източник на класификационната схема Код за повреда Коз за рестрикции Код за отдаване Артикулен № Име на библиотеката - собственик Име на библиотеката, в която се намира в момента Статус (Текущо местоположение) Дата на вписване в системата Местоположение - отдел Цена в лева Систематично азбучна сигнатура Баркод Цена в евро Служебен тип на артикула
  Не е изгубен Universal Decimal Classification Не е повреден без рестрикции Специални фондове ( старопечатни, редки и ценни, фонд М. Арнаудов) 730011 Регионална библиотека "Любен Каравелов" Русе Регионална библиотека "Любен Каравелов" Русе Редки и ценни 2019-07-11 Редки и ценни 8.00 Рф 884 120000833748 4.09 Книги
Vip Innovations Ltd, Rousse, Bulgaria 2025